| 000 | 00521nam a2200109Ia 4500 | ||
|---|---|---|---|
| 008 | 171212s9999 xx 000 0 und d | ||
| 245 |
_ceditor Ringer, Ronald Jeffrey _aQueer Words, Queer Images _bCommunication and the Construction of Homosexuality |
||
| 260 |
_bNew York University Press _c1994 |
||
| 650 | _aHomosexuality -- United States; Homosexuality in television -- United States; Homosexuality in motion pictures; Symbolism in communication | ||
| 650 | _aSociology | ||
| 856 | _uhttp://www.jstor.org/stable/j.ctt9qfw8w | ||
| 999 |
_c351551 _d351551 |
||